Psalmus humanus

[A TV műsoráról]

Elmentve itt :
Bibliográfiai részletek
Szerző: Lőcsei Gabriella
Dokumentumtípus: Cikk
Megjelent: Lapkiadó Vállalat 1985-06-26
Sorozat:Magyar Nemzet : a Hazafias Népfront lapja 48 No. 149
Online Access:http://misc.bibl.u-szeged.hu/72584
LEADER 00669nab a2200193 i 4500
001 misc72584
005 20231123115440.0
008 231123s1985 hu o 000 hun d
022 |a 1418-155X 
040 |a SZTE Miscellanea Repozitórium  |b hun 
041 |a hun 
100 1 |a Lőcsei Gabriella 
245 1 0 |a Psalmus humanus  |h [elektronikus dokumentum] /  |c  Lőcsei Gabriella 
260 |a Lapkiadó Vállalat  |c 1985-06-26 
300 |a 7 
490 0 |a Magyar Nemzet : a Hazafias Népfront lapja  |v 48 No. 149 
520 3 |a [A TV műsoráról] 
561 |a Szent-Györgyi Albertről szóló irodalom 
856 4 0 |u http://misc.bibl.u-szeged.hu/72584/1/szgya_1985_010.pdf  |z Dokumentum-elérés